Planning Policy Statement 25 (Record no. 106203)
[ view plain ]
| 000 -LEADER | |
|---|---|
| fixed length control field | 01837cam a2200265 4500 |
| 001 - CONTROL NUMBER | |
| control field | ##L135772 |
| 008 - FIXED-LENGTH DATA ELEMENTS--GENERAL INFORMATION | |
| fixed length control field | 061211n2010 000 0 eng u |
| 020 ## - INTERNATIONAL STANDARD BOOK NUMBER | |
| International Standard Book Number | 9780117540996 |
| 035 ## - SYSTEM CONTROL NUMBER | |
| System control number | (Sirsi) u135772 |
| 041 0# - LANGUAGE CODE | |
| Language code of text/sound track or separate title | eng |
| 050 04 - LIBRARY OF CONGRESS CALL NUMBER | |
| Classification number | 711.26 $2 18 |
| 110 1# - MAIN ENTRY--CORPORATE NAME | |
| Corporate name or jurisdiction name as entry element | United Kingdom |
| Subordinate unit | Department for Communities and Local Government |
| 9 (RLIN) | 4939 |
| 245 00 - TITLE STATEMENT | |
| Title | Planning Policy Statement 25 |
| Remainder of title | development and flood risk: Revised March 2010 |
| 260 ## - PUBLICATION, DISTRIBUTION, ETC. | |
| Place of publication, distribution, etc. | London |
| Name of publisher, distributor, etc. | TSO |
| Date of publication, distribution, etc. | 2010 |
| 490 #0 - SERIES STATEMENT | |
| Series statement | Planning Policy Statement |
| Volume/sequential designation | 25 |
| 505 1# - FORMATTED CONTENTS NOTE | |
| Formatted contents note | Key planning objectives -- Decision-making principles -- Risk-based approach: flood risk assessments; the sequential approach; the sequential test; the exception test -- Responsibilities: owner/developer; regional planning body; local planning authority; the Environment Agency; other bodies; working in constructive partnership -- Monitoring and review |
| 520 ## - SUMMARY, ETC. | |
| Summary, etc. | Outlines the national planning policy framework in England for development and flood risk. Aims to ensure that flood risk is considered at all stages in the planning process to prevent inappropriate development in areas at risk from flooding, and to direct development away from areas at highest risk. If new development is necessary in high risk areas, PPS25 aims to make it safe without increasing flood risk in other areas. Supersedes "Planning policy guidance note 25: development and flood risk" (PPG25) (ISBN 0117536113). |
| 590 ## - LOCAL NOTE (RLIN) | |
| Local note | KA |
| 650 24 - SUBJECT ADDED ENTRY--TOPICAL TERM | |
| Topical term or geographic name entry element | PLANNING POLICY STATEMENT 25 |
| 650 24 - SUBJECT ADDED ENTRY--TOPICAL TERM | |
| Topical term or geographic name entry element | PLANNING POLICY GUIDANCE NOTE 25 |
| 651 #4 - SUBJECT ADDED ENTRY--GEOGRAPHIC NAME | |
| Geographic name | England |
| Chronological subdivision | 886- |
| 690 ## - LOCAL SUBJECT ADDED ENTRY--TOPICAL TERM (OCLC, RLIN) | |
| Topical term or geographic name as entry element | ENVIRONMENTAL AND LAND CONSULTANCY-PLANNING AND DEVELOPMENT-PLANNING GUIDANCE |
| 856 40 - ELECTRONIC LOCATION AND ACCESS | |
| Uniform Resource Identifier | <a href="https://www.communities.gov.uk/documents/planningandbuilding/pdf/planningpolicystatement25.pdf">https://www.communities.gov.uk/documents/planningandbuilding/pdf/planningpolicystatement25.pdf</a> |
| Public note | View PPS25 free of charge at www.communities.gov.uk.. |
| 942 ## - ADDED ENTRY ELEMENTS (KOHA) | |
| Suppress in OPAC | 0 |
| Withdrawn status | Lost status | Source of classification or shelving scheme | Damaged status | Not for loan | Home library | Current library | Shelving location | Date acquired | Total Checkouts | Full call number | Barcode | Date last seen | Copy number | Price effective from | Koha item type |
|---|---|---|---|---|---|---|---|---|---|---|---|---|---|---|---|
| Dewey Decimal Classification | Virtual | Virtual | Online | 11/12/2006 | ONLINE PUBLICATION | 135772-2001 | 06/08/2019 | 1 | 06/08/2019 | Book |